[Event "Horsens Lang Weekend 2017"]
[Site "Horsens"]
[Date "2017.07.15"]
[Round "6.11"]
[White "Thogersen, Rasmus"]
[Black "Hilwerda, Jonas"]
[Result "1-0"]
[WhiteElo "2232"]
[BlackElo "2068"]
[PlyCount "97"]
[EventDate "2017.??.??"]
[EventCountry "DEN"]

1. e4 Nf6 2. e5 Nd5 3. d4 d6 4. Nf3 g6 5. Bc4 c6 6. O-O Bg7 7. Bb3 O-O 8. c4
Nb6 9. exd6 exd6 10. Bg5 Bf6 11. Bxf6 Qxf6 12. h3 Be6 13. d5 Qxb2 14. dxe6 Qxa1
15. Qxd6 Qf6 16. c5 Nd5 17. Bxd5 cxd5 18. e7 Qxd6 19. cxd6 Re8 20. Nc3 Nd7 21.
Nxd5 Rac8 22. Nd4 Rc5 23. Nc7 Rxc7 24. dxc7 Nb6 25. Nb5 Rxe7 26. Rd1 a6 27.
Rd8+ Kg7 28. Nd6 Re1+ 29. Kh2 Re2 30. Nc4 Rc2 31. Nxb6 Rxc7 32. Rd2 Rc6 33. Nd5
Rd6 34. Kg3 f6 35. f4 Kf7 36. Rd1 Ke6 37. Ne3 Rxd1 38. Nxd1 Kd5 39. Kf3 Kd4 40.
g4 b5 41. Nf2 b4 42. Ke2 Kc3 43. Ne4+ Kb2 44. Nxf6 Kxa2 45. Nd5 b3 46. f5 gxf5
47. gxf5 b2 48. Nc3+ Kb3 49. Kd3 1-0

[Event "Horsens Lang Weekend 2017"]
[Site "Horsens"]
[Date "2017.07.15"]
[Round "6.12"]
[White "Brondt, Nicolai Kvist"]
[Black "Thybo, Thomas Sondergaard"]
[Result "0-1"]
[WhiteElo "2229"]
[BlackElo "1999"]
[PlyCount "84"]
[EventDate "2017.??.??"]
[EventCountry "DEN"]

1. c4 c6 2. Nf3 Nf6 3. Nc3 d5 4. e3 e6 5. b3 Nbd7 6. Qc2 Bd6 7. Bb2 O-O 8. Be2
b6 9. cxd5 cxd5 10. Nb5 Bb8 11. Qc6 Nc5 12. Bxf6 gxf6 13. Nc3 Bb7 14. Qb5 Bd6
15. O-O a5 16. Nd4 Ba6 17. Qc6 Rc8 18. Bxa6 Rxc6 19. Nxc6 Qc7 20. Bb5 Bxh2+ 21.
Kh1 Kh8 22. f4 Bg3 23. Rf3 Rg8 24. Ne2 Ne4 25. Rc1 Qd6 26. d3 Qf8 27. dxe4 Qh6+
28. Kg1 Qh2+ 29. Kf1 Qh1+ 30. Ng1 Bh2 31. Ke2 Bxg1 32. Kd3 dxe4+ 33. Kxe4 Qxg2
34. Nd4 Qg6+ 35. f5 Qg4+ 36. Rf4 Qg2+ 37. Nf3 Bh2 38. Bf1 Qb2 39. Rc4 Bxf4 40.
Kxf4 e5+ 41. Ke4 Qb1+ 42. Bd3 Rg4+ 0-1

[Event "Horsens Lang Weekend 2017"]
[Site "Horsens"]
[Date "2017.07.15"]
[Round "6.13"]
[White "Kristensen, Bjarke Hautop"]
[Black "Andersen, Rune"]
[Result "1-0"]
[WhiteElo "2061"]
[BlackElo "2152"]
[PlyCount "73"]
[EventDate "2017.??.??"]
[EventCountry "DEN"]

1. d4 d5 2. c4 c6 3. Nf3 Nf6 4. Nc3 e6 5. Bg5 h6 6. Bh4 g5 7. Bg3 dxc4 8. e4 b5
9. e5 Nd5 10. Be2 Nxc3 11. bxc3 Bb7 12. Rb1 Qc7 13. Nd2 Nd7 14. h4 g4 15. Bxg4
O-O-O 16. Bf3 a6 17. O-O Nb6 18. Qc2 Be7 19. a4 Nd5 20. Rfc1 Rd7 21. Bh5 Bf8
22. Ne4 Qd8 23. Qe2 Ba3 24. Rc2 Kb8 25. Qf3 Rf8 26. Bg4 Ka7 27. Ra2 b4 28. Qe2
c5 29. Qxc4 Nb6 30. Qe2 Bxe4 31. Qxe4 Nxa4 32. Qc6 Nxc3 33. Rxa3 bxa3 34. Qxc5+
Ka8 35. Qxc3 Qe7 36. Qc6+ Ka7 37. Qb6+ 1-0

[Event "Horsens Lang Weekend 2017"]
[Site "Horsens"]
[Date "2017.07.15"]
[Round "6.14"]
[White "Thorsbro, Peter"]
[Black "Hansen, Erik Olsgaard"]
[Result "0-1"]
[WhiteElo "2151"]
[BlackElo "1938"]
[PlyCount "94"]
[EventDate "2017.??.??"]
[EventCountry "DEN"]

1. d4 d5 2. c4 e6 3. cxd5 exd5 4. Nc3 Nf6 5. Bg5 Be7 6. e3 O-O 7. Bd3 c6 8. Qc2
h6 9. Bh4 Re8 10. Nge2 Nbd7 11. f3 c5 12. O-O c4 13. Bf5 Nf8 14. Rad1 Bxf5 15.
Qxf5 g6 16. Qc2 N8d7 17. Kh1 a6 18. Bf2 b5 19. a3 Kg7 20. Bg1 Nb6 21. e4 Qc7
22. e5 Nh7 23. g4 Qc6 24. Be3 a5 25. Qd2 b4 26. Bxh6+ Kg8 27. Nb1 g5 28. Bxg5
Nxg5 29. Ng3 c3 30. bxc3 Nc4 31. Qc1 bxa3 32. Nf5 Qg6 33. Nxe7+ Rxe7 34. Nxa3
Nxa3 35. Qxa3 Rb7 36. Qa2 Rab8 37. Qg2 Rb2 38. Rd2 Rxd2 39. Qxd2 Rb1 40. Rxb1
Qxb1+ 41. Kg2 Qg1+ 42. Kxg1 Nxf3+ 43. Kf2 Nxd2 44. Ke2 Ne4 45. Kd3 Nf2+ 46. Kc2
Nxg4 47. Kb3 Ne3 0-1

[Event "Horsens Lang Weekend 2017"]
[Site "Horsens"]
[Date "2017.07.16"]
[Round "7.1"]
[White "Bjerre, Jonas Buhl"]
[Black "Antonsen, Mikkel"]
[Result "1/2-1/2"]
[WhiteElo "2354"]
[BlackElo "2428"]
[PlyCount "33"]
[EventDate "2017.??.??"]
[EventCountry "DEN"]

1. e4 e5 2. Nf3 Nc6 3. Bc4 Bc5 4. c3 Nf6 5. d3 O-O 6. Bg5 h6 7. Bh4 Be7 8. a4
d6 9. Nbd2 a5 10. Nf1 Be6 11. Ne3 Bxc4 12. Nxc4 d5 13. Bxf6 Bxf6 14. Ne3 Ne7
15. O-O c6 16. Qb3 Qd7 17. Rad1 1/2-1/2

[Event "Horsens Lang Weekend 2017"]
[Site "Horsens"]
[Date "2017.07.16"]
[Round "7.2"]
[White "Rewitz, Poul"]
[Black "Teplyi, Igor"]
[Result "1-0"]
[WhiteElo "2294"]
[BlackElo "2424"]
[PlyCount "213"]
[EventDate "2017.??.??"]
[EventCountry "DEN"]

1. d4 Nf6 2. Bg5 d5 3. e3 g6 4. Bxf6 exf6 5. c4 dxc4 6. Bxc4 Bd6 7. Nc3 Nd7 8.
Nf3 Nb6 9. Bb3 Qe7 10. O-O O-O 11. Nb5 Bg4 12. h3 Bxf3 13. Qxf3 c6 14. Nxd6
Qxd6 15. Rac1 Kg7 16. Rfd1 Rad8 17. g3 h5 18. h4 f5 19. a3 Rfe8 20. Kg2 Re7 21.
Ba2 Nd7 22. Qf4 Qxf4 23. gxf4 Nf6 24. Bc4 a5 25. Be2 Ra8 26. Bf3 Rd7 27. Rc5
Rd6 28. Rb1 Nd7 29. Rc2 Ra6 30. Be2 Ra7 31. Bf3 Ra6 32. Be2 Ra7 33. b4 axb4 34.
axb4 Nf6 35. b5 Nd5 36. Bf3 Ne7 37. bxc6 bxc6 38. Rc5 Nd5 39. Rbc1 Ra6 40. Be2
Rb6 41. Ra1 Rd7 42. Bf3 Kf6 43. Ra8 Kg7 44. Bd1 Kf6 45. Ba4 Ne7 46. Bd1 Rd5 47.
Rc2 Rd7 48. Bf3 Nd5 49. Rc8 Rd6 50. Bxd5 cxd5 51. R2c7 Kg7 52. Kf3 Ra6 53. Re8
Ra2 54. Ree7 Rf6 55. Rb7 Kg8 56. Rec7 Ra5 57. Rd7 Kf8 58. Rd8+ Kg7 59. Rc7 Rb6
60. Rdd7 Rf6 61. Rc5 Rxc5 62. dxc5 Ra6 63. Ke2 Kf6 64. Rxd5 Ke6 65. Re5+ Kd7
66. Kd3 Kc6 67. Re7 Kxc5 68. Rxf7 Ra3+ 69. Ke2 Ra2+ 70. Kf3 Ra6 71. Rd7 Ra3 72.
Ke2 Ra2+ 73. Rd2 Ra1 74. Rd1 Ra2+ 75. Kf3 Rb2 76. Rd8 Rb6 77. Kg3 Re6 78. Kf3
Ra6 79. Rd3 Re6 80. Ke2 Ra6 81. f3 Ra2+ 82. Rd2 Ra4 83. Kf2 Rb4 84. Rd8 Rb2+
85. Kg3 Rb3 86. Re8 Kd5 87. e4+ fxe4 88. Rxe4 Rb1 89. Re5+ Kd4 90. Re4+ Kd5 91.
Re8 Rg1+ 92. Kf2 Ra1 93. Re5+ Kd4 94. Re4+ Kd5 95. Re5+ Kd4 96. Re6 Rh1 97.
Rd6+ Kc5 98. Rxg6 Rxh4 99. Kg3 Rh1 100. f5 Kd5 101. Kf4 h4 102. Rg8 Kd6 103.
Re8 Kd7 104. Re2 Rg1 105. f6 Rg8 106. Kf5 h3 107. f7 1-0

[Event "Horsens Lang Weekend 2017"]
[Site "Horsens"]
[Date "2017.07.16"]
[Round "7.3"]
[White "Ramsdal, Jens Albert"]
[Black "Rostgaard, Tobias Valentin"]
[Result "0-1"]
[WhiteElo "2206"]
[BlackElo "2302"]
[PlyCount "72"]
[EventDate "2017.??.??"]
[EventCountry "DEN"]

1. e4 e5 2. Nf3 Nc6 3. Bc4 Nf6 4. Ng5 d5 5. exd5 Na5 6. Bb5+ c6 7. dxc6 bxc6 8.
Bd3 Nd5 9. Nf3 Bd6 10. O-O O-O 11. Re1 Re8 12. Nc3 f5 13. Nxd5 cxd5 14. Bb5 Bd7
15. Bxd7 Qxd7 16. d3 Nc6 17. c4 d4 18. g3 Bc5 19. Nd2 a5 20. Qa4 Rab8 21. a3 e4
22. dxe4 d3 23. b4 axb4 24. Nb3 Bd4 25. Nxd4 Qxd4 26. Be3 Qxe4 27. Bd2 Qf3 28.
axb4 Re2 29. Rxe2 dxe2 30. Ra3 Qe4 31. Re3 Qb1+ 32. Kg2 Qf1+ 33. Kf3 Nd4+ 34.
Kf4 Qxf2+ 35. Ke5 e1=Q 36. Rxe1 Nf3+ 0-1

[Event "Horsens Lang Weekend 2017"]
[Site "Horsens"]
[Date "2017.07.16"]
[Round "7.4"]
[White "Nielsen, Viktor Haarmark"]
[Black "Rasmussen, Karsten"]
[Result "1/2-1/2"]
[WhiteElo "2243"]
[BlackElo "2444"]
[PlyCount "79"]
[EventDate "2017.??.??"]
[EventCountry "DEN"]

1. e4 c6 2. d4 d5 3. Nc3 dxe4 4. Nxe4 Bf5 5. Ng3 Bg6 6. h4 h6 7. Nf3 e6 8. Ne5
Bh7 9. Bd3 Bxd3 10. Qxd3 Nd7 11. f4 Be7 12. Bd2 Nxe5 13. fxe5 Bxh4 14. O-O-O
Bxg3 15. Qxg3 Ne7 16. Bb4 Nf5 17. Qf4 g5 18. Qf3 Qd5 19. Qxd5 cxd5 20. g4 a5
21. Bd2 Nxd4 22. Bxg5 Ne2+ 23. Kb1 Rc8 24. Bf6 Rg8 25. Rxh6 Rxg4 26. Rh8+ Kd7
27. Rh7 Rf8 28. c3 Rg1 29. Rxg1 Nxg1 30. Kc2 Ne2 31. Kb3 b6 32. Bg5 Ke8 33. Be3
Ke7 34. Rg7 d4 35. cxd4 Rc8 36. Rh7 Nc1+ 37. Ka3 Nd3 38. Bg5+ Ke8 39. Rh3 Nb4
40. Kb3 1/2-1/2

[Event "Horsens Lang Weekend 2017"]
[Site "Horsens"]
[Date "2017.07.16"]
[Round "7.5"]
[White "Matthiesen, Martin"]
[Black "Guindy, Esmat"]
[Result "1/2-1/2"]
[WhiteElo "2344"]
[BlackElo "2132"]
[PlyCount "56"]
[EventDate "2017.??.??"]
[EventCountry "DEN"]

1. d4 d5 2. Bf4 Nf6 3. e3 Bf5 4. c4 c6 5. Nc3 e6 6. Qb3 Qc8 7. Rc1 Nbd7 8. cxd5
Nxd5 9. Bg3 N7f6 10. Nf3 h6 11. h3 Be7 12. Be2 O-O 13. O-O Rd8 14. Rfd1 Bd6 15.
Ne5 Qb8 16. Na4 Ne4 17. Bh2 f6 18. f3 fxe5 19. fxe4 Bxe4 20. Nc5 Bxc5 21. Rxc5
Qc7 22. Bxe5 Qf7 23. Rf1 Qg6 24. g3 Rd7 25. Rcc1 Qg5 26. Bf3 Qg6 27. Be2 Qg5
28. Bf3 Qg6 1/2-1/2

[Event "Horsens Lang Weekend 2017"]
[Site "Horsens"]
[Date "2017.07.16"]
[Round "7.6"]
[White "Skonnord, Uno Rolf"]
[Black "Dyrgaard, Kristoffer"]
[Result "1/2-1/2"]
[WhiteElo "2050"]
[BlackElo "2334"]
[PlyCount "90"]
[EventDate "2017.??.??"]
[EventCountry "DEN"]

1. e4 c5 2. Nf3 Nc6 3. d4 cxd4 4. Nxd4 Nf6 5. Nc3 e5 6. Ndb5 d6 7. Bg5 a6 8.
Bxf6 gxf6 9. Na3 f5 10. g3 Bg7 11. Bg2 O-O 12. O-O fxe4 13. Bxe4 f5 14. Bg2 Be6
15. Nd5 Rf7 16. c3 Qg5 17. f4 Qh6 18. Nc4 Rd8 19. a4 e4 20. Ncb6 Qg6 21. a5 Ne7
22. Re1 Bxd5 23. Nxd5 Qe6 24. Nb6 d5 25. Qb3 Nc8 26. Na4 Rc7 27. Rad1 Qf7 28.
g4 Kh8 29. gxf5 Rd6 30. Nb6 Qxf5 31. Rxd5 Qxf4 32. Rxd6 Nxd6 33. Nd5 Qh4 34.
Rf1 Rf7 35. Rxf7 Nxf7 36. Ne3 Qf4 37. Qb6 Be5 38. h3 Kg7 39. Qc5 Qh2+ 40. Kf1
Qf4+ 41. Ke2 Nd6 42. Qc7+ Kg6 43. Qd7 h5 44. Qe6+ Qf6 45. Qd7 Qg5 1/2-1/2

[Event "Horsens Lang Weekend 2017"]
[Site "Horsens"]
[Date "2017.07.16"]
[Round "7.7"]
[White "Hansen, Lars"]
[Black "Kristensen, Bjarke Hautop"]
[Result "1-0"]
[WhiteElo "2236"]
[BlackElo "2061"]
[PlyCount "83"]
[EventDate "2017.??.??"]
[EventCountry "DEN"]

1. e4 g6 2. d4 Bg7 3. Nc3 d6 4. Be3 a6 5. h4 Nf6 6. f3 b5 7. Qd2 h5 8. O-O-O c6
9. Kb1 Qc7 10. g3 a5 11. e5 Nfd7 12. exd6 exd6 13. Bf4 Nf6 14. Qe1+ Be6 15. Bh3
Qd7 16. Bxe6 fxe6 17. Nh3 Na6 18. Ng5 O-O-O 19. Nce4 Nxe4 20. Qxe4 Nc7 21. Qxg6
Rh6 22. Qd3 Nd5 23. Bd2 a4 24. Rhe1 Re8 25. Rc1 Kb8 26. c4 Nc7 27. Ne4 Rhh8 28.
Bb4 bxc4 29. Rxc4 Nb5 30. Rec1 c5 31. dxc5 d5 32. c6 Qc7 33. Rc5 Na7 34. Nd6
Qb6 35. c7+ Ka8 36. Nxe8 Rxe8 37. c8=Q+ Nxc8 38. Rxc8+ Rxc8 39. Rxc8+ Kb7 40.
Qc2 Bh6 41. a3 e5 42. Qc5 1-0

[Event "Horsens Lang Weekend 2017"]
[Site "Horsens"]
[Date "2017.07.16"]
[Round "7.8"]
[White "Thybo, Thomas Sondergaard"]
[Black "Thogersen, Rasmus"]
[Result "0-1"]
[WhiteElo "1999"]
[BlackElo "2232"]
[PlyCount "48"]
[EventDate "2017.??.??"]
[EventCountry "DEN"]

1. d4 Nf6 2. c4 g6 3. Nc3 d5 4. cxd5 Nxd5 5. e4 Nxc3 6. bxc3 Bg7 7. Qa4+ Nd7 8.
Nf3 O-O 9. Be2 c5 10. O-O Nf6 11. d5 e6 12. Rd1 exd5 13. exd5 Re8 14. Bb5 Re4
15. Qc2 Bg4 16. Be2 Qe7 17. Be3 Rxe3 18. d6 Qe4 19. Bd3 Rxd3 20. Qxd3 Bxf3 21.
gxf3 Qh4 22. Qe3 Nd7 23. Qe7 Qh3 24. Rab1 Be5 0-1

[Event "Horsens Lang Weekend 2017"]
[Site "Horsens"]
[Date "2017.07.16"]
[Round "7.9"]
[White "Hansen, Erik Olsgaard"]
[Black "Bank, Pelle Rodkjaer"]
[Result "0-1"]
[WhiteElo "1938"]
[BlackElo "2294"]
[PlyCount "52"]
[EventDate "2017.??.??"]
[EventCountry "DEN"]

1. e4 e6 2. d4 b5 3. Bd3 Bb7 4. Nf3 c5 5. c3 a6 6. O-O Nf6 7. Bg5 Qb6 8. Re1 d6
9. Nbd2 Nbd7 10. Rc1 h6 11. Bxf6 gxf6 12. Nf1 h5 13. Bb1 Bh6 14. Ne3 O-O-O 15.
a4 Rhg8 16. axb5 axb5 17. Qe2 Kb8 18. Bd3 c4 19. Bc2 Rg7 20. Rb1 f5 21. exf5
Rdg8 22. Nh4 Qd8 23. Nf3 Bxe3 24. Qxe3 Rxg2+ 25. Kf1 Nf6 26. Ra1 Ng4 0-1

[Event "Horsens Lang Weekend 2017"]
[Site "Horsens"]
[Date "2017.07.16"]
[Round "7.10"]
[White "Ferrante, Marco"]
[Black "Kohut, Anna"]
[Result "1/2-1/2"]
[WhiteElo "2260"]
[BlackElo "1974"]
[PlyCount "90"]
[EventDate "2017.??.??"]
[EventCountry "DEN"]

1. Nc3 d5 2. d4 Bf5 3. Bf4 c6 4. e3 e6 5. f3 Bd6 6. Nge2 Bxf4 7. Nxf4 Qb6 8.
Na4 Qb4+ 9. c3 Qd6 10. g4 Bg6 11. b4 Ne7 12. Qd2 Nd7 13. Nc5 b6 14. Nxd7 Qxd7
15. c4 Rd8 16. h4 h5 17. cxd5 exd5 18. g5 Bf5 19. Rc1 Ng6 20. Nxg6 fxg6 21. Qc3
O-O 22. Kd2 Qd6 23. Qxc6 Qxb4+ 24. Qc3 Qa4 25. Qb3 Qa5+ 26. Ke2 Rc8 27. Bg2 Kh7
28. Qb2 Rfe8 29. Kf2 Qa6 30. Rhd1 Qa4 31. Bf1 Qd7 32. Rxc8 Rxc8 33. Rc1 Qd6 34.
Kg2 Rf8 35. Be2 Bd7 36. Qd2 Qe6 37. Kg1 Qh3 38. Qe1 Bg4 39. fxg4 Qxe3+ 40. Kg2
Qe4+ 41. Kg1 Qe3+ 42. Kg2 Qe4+ 43. Kh2 Qf4+ 44. Kg2 Qe4+ 45. Kg1 Qxd4+ 1/2-1/2

[Event "Horsens Lang Weekend 2017"]
[Site "Horsens"]
[Date "2017.07.16"]
[Round "7.11"]
[White "Grove, Peter"]
[Black "Stolberg Rohr, Thomine"]
[Result "1-0"]
[WhiteElo "2162"]
[BlackElo "1986"]
[PlyCount "61"]
[EventDate "2017.??.??"]
[EventCountry "DEN"]

1. e4 e5 2. Nc3 Nc6 3. Nf3 Bc5 4. Nxe5 Nxe5 5. d4 Bd6 6. dxe5 Bxe5 7. f4 Bxc3+
8. bxc3 Qh4+ 9. g3 Qe7 10. Bg2 b6 11. e5 Rb8 12. O-O Qc5+ 13. Qd4 Ne7 14. Be3
Ba6 15. Qxc5 bxc5 16. Rfd1 Rb5 17. a4 Ra5 18. Rab1 Nc8 19. f5 Nb6 20. f6 O-O
21. Bh3 gxf6 22. exf6 d6 23. Bh6 Rd8 24. Re1 c4 25. Re7 Nd5 26. Be6 Nxe7 27.
fxe7 Ra8 28. Rf1 Re5 29. Rxf7 Rxe6 30. Rf8+ Rxf8 31. exf8=Q# 1-0

[Event "Horsens Lang Weekend 2017"]
[Site "Horsens"]
[Date "2017.07.16"]
[Round "7.12"]
[White "Jensen, Jacob Bjerre"]
[Black "Frank Nielsen, Marie"]
[Result "1/2-1/2"]
[WhiteElo "2115"]
[BlackElo "1927"]
[PlyCount "56"]
[EventDate "2017.??.??"]
[EventCountry "DEN"]

1. d4 Nf6 2. c4 g6 3. Nc3 Bg7 4. Nf3 d6 5. Bg5 O-O 6. e3 Nbd7 7. Be2 c5 8. d5
a6 9. a4 b6 10. h3 Re8 11. Nd2 Nf8 12. O-O Bd7 13. f4 h6 14. Bh4 N6h7 15. e4 g5
16. fxg5 hxg5 17. Bg3 e5 18. Bg4 Ng6 19. Bf5 Nf6 20. Qf3 Rf8 21. Bf2 Rb8 22. g3
Rb7 23. Be3 Bh6 24. Qe2 Nh7 25. Rf2 Nf4 26. Qf1 Qc8 27. Bxd7 Qxd7 28. Rh2 Ng6
1/2-1/2

[Event "Horsens Lang Weekend 2017"]
[Site "Horsens"]
[Date "2017.07.16"]
[Round "7.13"]
[White "Miqueu, Jean Philippe"]
[Black "Philipsen, William Horup"]
[Result "1-0"]
[WhiteElo "2100"]
[BlackElo "1935"]
[PlyCount "95"]
[EventDate "2017.??.??"]
[EventCountry "DEN"]

1. d4 d5 2. Nf3 Nc6 3. e3 Bg4 4. Bb5 Qd6 5. h3 Qh6 6. O-O Bxh3 7. gxh3 Qxh3 8.
Ne5 h5 9. Qf3 Qe6 10. e4 O-O-O 11. Bxc6 bxc6 12. Qf5 Nh6 13. Qxe6+ fxe6 14.
Nxc6 Rd6 15. Nxa7+ Kb7 16. Nb5 Rb6 17. N5c3 e5 18. dxe5 Rg6+ 19. Kh1 d4 20. Ne2
c5 21. Bf4 e6 22. Nd2 Be7 23. f3 Bg5 24. Rg1 Ng4 25. fxg4 hxg4+ 26. Kg2 g3 27.
Rh1 Rf8 28. Raf1 Bxf4 29. Rxf4 Ra8 30. a3 Kc6 31. Nc4 Rb8 32. Nc1 Rg5 33. Nd3
Rg8 34. a4 g6 35. Rf7 Rh5 36. Rxh5 gxh5 37. Rh7 Ra8 38. a5 Kb5 39. Rxh5 Kxc4
40. Rh7 Rxa5 41. Rc7 Rb5 42. Kxg3 Ra5 43. Kf3 Rb5 44. Ke2 Ra5 45. Rxc5+ Rxc5
46. Nxc5 d3+ 47. Nxd3 Kd4 48. Nf4 1-0

[Event "Horsens Lang Weekend 2017"]
[Site "Horsens"]
[Date "2017.07.16"]
[Round "7.14"]
[White "Stage Steffensen, Sander"]
[Black "Knudsen, Jesper"]
[Result "1/2-1/2"]
[WhiteElo "1897"]
[BlackElo "2056"]
[PlyCount "35"]
[EventDate "2017.??.??"]
[EventCountry "DEN"]

1. e4 e6 2. d3 d5 3. Nd2 c5 4. Ngf3 Nc6 5. g3 Nf6 6. Bg2 b5 7. O-O Be7 8. Re1
Bb7 9. exd5 exd5 10. Nf1 O-O 11. h4 d4 12. Ne5 Rc8 13. Nh2 Rc7 14. Nhf3 Nxe5
15. Nxe5 Bxg2 16. Kxg2 Qd5+ 17. Qf3 Qxf3+ 18. Nxf3 1/2-1/2